| 000 | 00808nam a2200265 a 4500 | ||
|---|---|---|---|
| 008 | |||
| 020 | _a0674156161 | ||
| 020 | _a0674156153 | ||
| 049 | _aMAIN | ||
| 090 |
_aBF311 _bJOH |
||
| 100 | _aJohnson-Laird, P. N. | ||
| 245 | 1 | 4 |
_aThe computer and the mind : _ban introduction to cognitive science / _cP.N. Johnson-Laird. |
| 260 |
_aCambridge, Mass. : _bHarvard University Press, _c1988. |
||
| 300 |
_a444 p. : _bill. ; _c24 cm. |
||
| 504 | _aIncludes bibliographical references. | ||
| 500 | _aIncludes indexes. | ||
| 650 | 0 | _aCognition. | |
| 650 | 0 | _aHuman information processing. | |
| 740 | _aCognitive science. | ||
| 907 |
_a.b10076530 _b16-04-12 _c12-06-03 |
||
| 003 | |||
| 005 | 20230123133253.0 | ||
| 040 | _cNUST | ||
| 942 |
_cBOOKS _kBF311 _mJOH |
||
| 999 |
_c145703 _d145703 |
||